00559nam a2200205Ia 4500008004000000041000800040082001200048100000600060245003300066260004300099300000800142650000800150650001100158650000700169650001200176690001900188906001100207999001900218952011600237210210b1846 xxu||||| |||| 00| 0 eng d aeng a954/524 a- aHistory of the Punjab Vol II aLondonbWm. H. Allen and Companyc1846 a395 aVol aPunjab aII aHistory aIndian History a000015 c120817d120817 001040748HistoryaALbALcHistoryd2021-02-17g0.00l0o954/524p000015r2021-02-17 00:00:00w2021-02-17yBK